|
|
|
|
| LEADER |
00729nam a22002292a 4500 |
| 001 |
000902678 |
| 003 |
CZ BrMZK |
| 005 |
20080627222106.0 |
| 007 |
ta |
| 008 |
080627s1981 ru a er|||||||||||rus d |
| 040 |
|
|
|a ABA001
|b cze
|c ABA001
|d ABA001
|
| 080 |
9 |
|
|a 2(075)=82
|
| 100 |
1 |
|
|a Kryvelev, Iosif Aronovič,
|d 1906-1991
|7 jx20040721028
|4 aut
|
| 245 |
1 |
0 |
|a O "tajnach" religii /
|c Iosif Aronovič Kryvelev
|
| 260 |
|
|
|a Moskva :
|b Pedagogika,
|c 1981
|
| 300 |
|
|
|a 103 s. :
|b il.
|
| 490 |
1 |
|
|a Biblioteka Detskoj enciklopedii
|
| 830 |
|
0 |
|a Biblioteka Detskoj enciklopedii
|
| 910 |
|
|
|a BOA001
|b 1-0842.337
|
| 990 |
|
|
|a BK
|
| 991 |
|
|
|b 200806
|
| 996 |
7 |
|
|b 2619582967
|c 1-0842.337
|l MZK
|r Sklad / do 1 hodiny
|n 0
|w 001066884
|u 000010
|a 1
|e BOA001
|j MZK50
|s A
|